[Event "Salekhard-ch"]
[Site "Salekhard"]
[Date "2015.01.30"]
[Round "5"]
[White "Trapeznikov, Stepan"]
[Black "Smolkin, Nikita"]
[Result "1-0"]
[WhiteElo "1600"]
[BlackElo "1269"]
[PlyCount "41"]
[EventDate "2015.01.23"]
[EventType "swiss"]
[EventRounds "9"]
[EventCountry "RUS"]
[SourceTitle "CBM 164 Extra"]
[Source "ChessBase"]
[SourceDate "2015.03.02"]
[SourceVersion "1"]
[SourceVersionDate "2015.03.02"]
[SourceQuality "1"]

1. e4 e5 2. Nf3 Nc6 3. Nc3 Bb4 4. Bc4 Nf6 5. d3 Nd4 6. a3 Ba5 7. Be3 c5 8. Nxe5 d6 9. Nxf7 Qb6 10. Rb1 0-0 11. Ng5+ Kh8 12. 0-0 Qc7 13. Bxd4 cxd4 14. Nd5 Nxd5 15. Bxd5 Qe7 16. Qh5 h6 17. Nf7+ Kh7 18. e5 Be6 19. Bxe6 Qxe6 20. Ng5+ Kg8 21. Nxe6 1-0

[Event "Salekhard-ch"]
[Site "Salekhard"]
[Date "2015.01.29"]
[Round "2"]
[White "Rozmanov, Aleksandr"]
[Black "Trapeznikov, Stepan"]
[Result "1-0"]
[WhiteElo "1862"]
[BlackElo "1600"]
[PlyCount "55"]
[EventDate "2015.01.23"]
[EventType "swiss"]
[EventRounds "9"]
[EventCountry "RUS"]
[SourceTitle "CBM 164 Extra"]
[Source "ChessBase"]
[SourceDate "2015.03.02"]
[SourceVersion "1"]
[SourceVersionDate "2015.03.02"]
[SourceQuality "1"]

1. e4 e5 2. Bc4 Nf6 3. d3 h6 4. Nc3 Bc5 5. Na4 Bb6 6. Nxb6 axb6 7. f4 d6 8. Nf3 Nc6 9. 0-0 Bg4 10. h3 Bh5 11. f5 Nd4 12. g4 Nxg4 13. Nxd4 Qh4 14. Qd2 Qxh3 15. Bb5+ c6 16. Nxc6 0-0 17. Ne7+ Kh8 18. Nd5 Ra5 19. Bc4 Nf6 20. Qg2 Qxg2+ 21. Kxg2 Rg8 22. Nxf6 gxf6+ 23. Kf2 Raa8 24. Rh1 Bg4 25. Bxh6 Rgd8 26. Bxf7 Rd7 27. Bf8+ Bh5 28. Rxh5# 1-0

[Event "Salekhard-ch"]
[Site "Salekhard"]
[Date "2015.01.28"]
[Round "1"]
[White "Trapeznikov, Stepan"]
[Black "Khosroev, Yuri"]
[Result "1-0"]
[WhiteElo "1600"]
[BlackElo "1056"]
[PlyCount "87"]
[EventDate "2015.01.23"]
[EventType "swiss"]
[EventRounds "9"]
[EventCountry "RUS"]
[SourceTitle "CBM 164 Extra"]
[Source "ChessBase"]
[SourceDate "2015.03.02"]
[SourceVersion "1"]
[SourceVersionDate "2015.03.02"]
[SourceQuality "1"]

1. e4 e5 2. Nf3 Nc6 3. Nc3 Nf6 4. Bc4 Bb4 5. d3 h6 6. 0-0 0-0 7. a3 Bxc3 8. bxc3 d6 9. h3 d5 10. exd5 Nxd5 11. Bd2 Be6 12. Bxd5 Bxd5 13. Re1 Qd6 14. c4 Bxf3 15. Qxf3 Nd4 16. Qd1 Nf5 17. Bb4 c5 18. Bc3 Nh4 19. Qg4 Ng6 20. Qg3 Rae8 21. d4 cxd4 22. Bb4 Qc6 23. Bxf8 Rxf8 24. Qd3 Nf4 25. Qe4 Qf6 26. Qxe5 Ng6 27. Qxf6 gxf6 28. Rab1 Rd8 29. Rxb7 a6 30. Rb6 Ra8 31. Re4 Rd8 32. Rxa6 f5 33. Re2 Nf4 34. Rd2 Ne6 35. a4 Nf4 36. a5 d3 37. cxd3 Ng6 38. Ra7 Ne5 39. Rc7 h5 40. a6 Nd7 41. a7 Nb6 42. Rb2 Na8 43. Rcb7 Kg7 44. Rb8 1-0